Countries of the Hunnic Empire - Statistics

General Stats
  • This quiz has been taken 87 times
    53 since last reset
  • The average score is 12 of 14
Answer Stats
Answer % Correct
Germany
98%
Poland
98%
Russia
98%
Romania
95%
Slovakia
93%
Hungary
90%
Czech Republic
85%
Serbia
85%
Austria
83%
Belarus
83%
Ukraine
83%
Moldova
73%
Lithuania
68%
Kazakhstan
38%
No matching quizzes found
Score Distribution
Percent of People with Each Score
Percentile by Number Answered
Your Score History
You have not taken this quiz since the last reset